000 00611cam a2200145 4500500
005 20260208010607.0
041 _afre
042 _adc
100 1 0 _aGabaude, Jean-Marc
_eauthor
245 0 0 _aJérôme Dokic, Philippe Drieux, René Lefebvre, Symboliques et dynamiques de l’espace, Rouen, Publications de l’Université de Rouen, 2003, 168 p.
260 _c2006.
500 _a20
786 0 _nRevue philosophique de la France et de l'étranger | 131 | 1 | 2006-03-01 | p. 77zq-138zq | 0035-3833
856 4 1 _uhttps://shs.cairn.info/revue-philosophique-2006-1-page-77zq?lang=fr&redirect-ssocas=7080
999 _c1657268
_d1657268